000 00944nam a22002297a 4500
999 _c61314
_d61314
005 20240202173635.0
008 240202s2017 en ||||| |||| 00| 0 eng d
020 _a9780894139871 X
041 _aeng
080 _a657.6 I-69
245 _aInternal auditing :
_bassurance & advisory services /
_c Urton L. Anderson, Michael J. Head, Sridhar Ramamoorti.
250 _aFourth edition
264 _aLake Mary, FL :
_bInternal Audit Foundation,
_c2017.
300 _a1 volume (various pagings) ;
_bcolor illustrations ;
_c 29 cm.
653 _aInternal auditing
653 _aშიდა აუდიტი: გარანტია და საკონსულტაციო მომსახურება
653 _aბუღალტერია
700 _aAnderson, Urton
_eAuthor
_921193
700 _aHead, Michael J
_eAuthor
_921194
700 _aRamamoorti, Sridhar
_eAuthor
_921195
942 _2udc
_cᲬᲘᲒᲜᲘ